000 00527nam a2200205Ia 4500
003 0100
008 130303s9999 xx 000 0 und d
040 _cARRUPELIB
050 _aJC181.K4B45 1993
100 _aBeiner, Roland (ed)
245 _aKant and Political Philosophy
245 _bThe Contemporary Legacy
260 _aNew Haven
260 _bYale UP
260 _C1993
300 _a380p
650 _bEnglish literature-Catholic authors-history and criticism
700 _aBooth, William James
942 0 0 _02
999 _c19086
_d19086